[Event "Bad Woerishofen op"]
[Site "Bad Woerishofen"]
[Date "2001.??.??"]
[Round "7"]
[White "Gutman, Lev"]
[Black "Koscielski, Janusch"]
[Result "1-0"]
[WhiteElo "2527"]
[BlackElo "2358"]
[Annotator "ChessOrg"]
[PlyCount "51"]
[EventDate "1998.03.05"]
[Source "ChessBase"]
[SourceDate "1998.04.29"]

1. Nf3 {E60: Koenigsindisch (ohne Sc3)} 1... Nf6 2. g3 g6 3. Bg2 Bg7 4. O-O O-O
5. d4 d6 6. c4 Nc6 7. h3 7... e5 {letzter Buchzug} 8. Be3 Re8 (8... exd4 9.
Nxd4 Bd7 10. Nc3 $11) 9. Nc3 (9. d5 9... Ne7 $11) 9... a6 (9... exd4 10. Nxd4
Bd7 11. b3 $15) 10. Qd2 Rb8 11. Rfd1 Bf5 12. d5 Ne7 13. Bh6 Ne4 (13... Bxh6 14.
Qxh6 Bc2 15. Re1 $11) 14. Nxe4 Bxe4 15. Bxg7 Kxg7 16. Nxe5 dxe5 (16... Bxg2 $5
$142 17. Ng4 Nxd5 18. cxd5 18... Be4 $11) 17. Bxe4 $18 17... f5 18. Bd3 Ng8 19.
e4 Qd6 (19... fxe4 $5 20. Bxe4 20... Qd7 $18) 20. exf5 $18 20... gxf5 (20... e4
$142 21. Be2 e3 22. Qd4+ Nf6 23. fxg6 23... hxg6 $18) 21. f4 $4 (21. Bxf5 $142
21... Rf8 22. Qg5+ Kh8 23. Be6 $18) 21... exf4 22. Qxf4 Re5 23. Rd2 (23. Bxf5
$6 23... Rf8 24. Qg4+ 24... Kh8 $14) 23... Rbe8 24. Rf1 Ne7 25. Qd4 25... Rd8
$4 (25... c5 $142 26. Qf2 26... Rg8 $18) 26. g4 (26. g4 b5 27. gxf5 $18) (26.
Re2 $142 26... Ng6 27. Rxf5 27... c5 $18) 1-0

[Event "Bad Woerishofen op"]
[Site "Bad Woerishofen"]
[Date "2001.??.??"]
[Round "9"]
[White "Gutman, Lev"]
[Black "Grathwohl, Roland"]
[Result "1-0"]
[WhiteElo "2527"]
[BlackElo "2283"]
[Annotator "ChessOrg"]
[PlyCount "71"]
[EventDate "1998.03.05"]
[Source "ChessBase"]
[SourceDate "1998.04.29"]

1. e4 {B10: Caro-Kann-Verteidigung} 1... c6 2. Nf3 d5 3. Nc3 dxe4 4. Nxe4 Bg4
5. h3 Bh5 6. a4 {letzter Buchzug} 6... e6 7. a5 (7. Ng3 7... Bg6 $11) 7... Nd7
8. Ng3 Bg6 9. d4 Bd6 10. Bd3 Ngf6 11. Bxg6 hxg6 (11... fxg6 $143 12. a6 $14)
12. Ne2 Qc7 13. O-O O-O (13... O-O-O $5 $15) 14. c4 c5 15. a6 bxa6 16. Rxa6 Nb8
17. Ra4 Nc6 18. Be3 Rfd8 19. Qe1 cxd4 20. Nexd4 Nxd4 21. Nxd4 a6 22. Qe2 Be5 (
22... Bh2+ $5 23. Kh1 23... Bf4 $14) 23. Nf3 $16 23... Bf4 (23... Qc6 24. Rfa1
Bc7 25. b4 $16) 24. Bxf4 Qxf4 25. Qe5 Qe4 26. Qxe4 Nxe4 27. b4 Rab8 (27... Nc3
28. Ra3 Ne2+ 29. Kh2 $16) 28. Rc1 Rd3 (28... Kf8 $5 $16) 29. Rxa6 $18 29...
Rxb4 30. Ra8+ Kh7 31. Ne5 31... Rd2 $2 (31... Rdb3 $142 32. Nxf7 32... g5 $18)
32. Nxf7 g5 33. Re1 Rxf2 (33... Nc5 34. Rc8 34... Nd7 $18) 34. Rh8+ (34. Rxe4
$6 34... Rxf7 35. Re8 35... Rc7 $14) 34... Kg6 35. Ne5+ (35. Rxe4 $6 35... Rxf7
36. Rxe6+ 36... Kf5 $16) 35... Kf5 36. Nd3 (36. Nd3 Rxc4 37. Rf8+ Kg6 38. Nxf2
$18) 1-0

[Event "Bad Woerishofen op"]
[Site "?"]
[Date "2001.??.??"]
[Round "1"]
[White "Haecker, Roland"]
[Black "Eisenbeis, Norman"]
[Result "0-1"]
[WhiteElo "1723"]
[BlackElo "2162"]
[Annotator "ChessOrg"]
[PlyCount "98"]
[EventDate "2000.??.??"]

1. d4 {A49: Koenigsindisch (ohne c2-c4)} 1... Nf6 2. g3 d6 3. Bg2 g6 4. Nf3 Bg7
5. O-O O-O 6. Re1 Nbd7 7. e4 7... c6 {letzter Buchzug} 8. c3 e5 9. dxe5 dxe5
10. b3 Qa5 11. Qc2 Re8 12. Nbd2 Bf8 13. h3 b5 14. Bb2 Bb7 15. a4 Qc7 16. c4
bxa4 17. Rxa4 Reb8 18. Qc3 Re8 19. Ra2 a5 20. Rea1 Bb4 21. Qc2 Nc5 22. Ba3 Rad8
23. Bxb4 axb4 24. Ra7 Qb6 25. R7a2 Rd3 26. Bf1 (26. Ne1 Rxd2 27. Qxd2 Nxb3 28.
Qd6 Nxa1 29. Qxf6 $17) 26... Rc3 $15 (26... Ncxe4 $143 27. Nxe4 Rxf3 28. c5 $16
) 27. Qb1 Ne6 (27... Ncxe4 $5 28. Nxe4 Nxe4 (28... Rxf3 29. Qd1 c5 30. Qxf3
Bxe4 31. Qe3 $18) 29. Qxe4 29... c5 $17) 28. Kg2 $14 (28. Nxe5 $2 28... Rxg3+
29. Kh1 29... Qxf2 $19) 28... Nd4 29. Ra7 c5 30. Bd3 (30. Nxd4 cxd4 31. R1a5
31... Rd8 $11) 30... Qc6 (30... Rd8 31. Ne1 $15) 31. Nxd4 $11 31... exd4 32. f3
Nh5 33. e5 (33. Kh2 Qd6 34. Nf1 34... Bc8 $15) 33... Rxe5 34. Ne4 $2 (34. Be4
$142 34... Rxe4 35. Nxe4 $15 (35. fxe4 Rxg3+ 36. Kh2 Qd6 37. Ra8+ Kg7 38. Rg8+
38... Kxg8 $19)) 34... f5 $19 35. Rxb7 Qxb7 (35... fxe4 36. Ra8+ Re8 37. Bxe4
Qxe4 38. Qxe4 (38. fxe4 $143 38... Rxa8 39. Re7 39... Nxg3 $17) 38... Rxa8 39.
h4 $18) 36. Nxc3 dxc3 (36... bxc3 $5 37. Qa2 $19) 37. Qf1 Re3 38. Re1 Qe7 39.
Ra1 $2 (39. Rxe3 Qxe3 40. Bc2 $19) 39... Nxg3 $1 40. Kxg3 Qd6+ 41. Kf2 Qxd3 (
41... Rxd3 42. Kg1 c2 43. Ra8+ Kg7 44. Ra7+ Kh6 45. Rd7 Qg3+ 46. Kh1 Qxf3+ 47.
Qxf3 Rxf3 48. Kg2 Rxb3 49. Rd2 c1=Q 50. Rf2 Qg5+ 51. Kf1 Rb1+ 52. Ke2 Qe7+ 53.
Kf3 Qe4+ 54. Kg3 Rg1+ 55. Rg2 Rxg2#) 42. Qxd3 Rxd3 43. Rc1 (43. Ke2 Rd2+ 44.
Ke3 44... Rb2 $19) 43... Rd2+ 44. Kg3 Rb2 45. Kf4 Rxb3 46. Ke5 Ra3 (46... Rb2
$19 $142) 47. Kf6 (47. Kd5 $19) 47... Ra6+ 48. Ke5 Rb6 49. Kd5 b3 (49... b3 50.
Kxc5 50... b2 $19) 0-1

[Event "Bad Woerishofen op"]
[Site "Bad Woerishofen"]
[Date "2001.??.??"]
[Round "3"]
[White "Haecker, Roland"]
[Black "Straub, Peter"]
[Result "1/2-1/2"]
[WhiteElo "1723"]
[BlackElo "2068"]
[Annotator "ChessOrg"]
[PlyCount "58"]
[EventDate "1998.03.05"]
[Source "ChessBase"]
[SourceDate "1998.04.29"]

1. d4 {D02: Damenbauernspiele} 1... Nf6 2. g3 e6 3. Bg2 d5 4. Nf3 Be7 5. O-O
O-O 6. Re1 {letzter Buchzug} 6... Nbd7 7. Nbd2 b6 8. e4 dxe4 9. Nxe4 Bb7 10.
Nxf6+ Nxf6 11. c3 (11. Qe2 11... Bd6 $14) 11... Qc8 12. Qe2 c5 13. dxc5 Bxc5
14. Be3 Ba6 15. Qc2 Bxe3 16. Rxe3 Qc7 17. Qa4 Bb7 18. Rd1 Bc6 19. Qc4 Qb7 20.
Nh4 Bxg2 21. Nxg2 Rac8 22. Qe2 Rfd8 23. Red3 Rxd3 24. Qxd3 Qd5 25. Ne3 Qxd3 26.
Rxd3 Kf8 27. Kf1 Ke7 28. Ke2 Ne4 29. c4 Nc5 1/2-1/2

[Event "Bad Woerishofen op"]
[Site "Bad Woerishofen"]
[Date "2001.??.??"]
[Round "5"]
[White "Haecker, Roland"]
[Black "Reichwald, Klaus-Dieter"]
[Result "1/2-1/2"]
[WhiteElo "1723"]
[BlackElo "2018"]
[Annotator "ChessOrg"]
[PlyCount "47"]
[EventDate "1998.03.05"]
[Source "ChessBase"]
[SourceDate "1998.04.29"]

1. d4 {D02: Damenbauernspiele} 1... Nf6 2. g3 g6 3. Bg2 d5 4. Nf3 Bg7 5. O-O
O-O 6. Re1 Nbd7 7. Nbd2 c6 8. c3 8... Qc7 {letzter Buchzug} 9. e4 Nxe4 10. Nxe4
dxe4 11. Rxe4 Nf6 12. Re1 Bg4 13. h3 Bxf3 14. Qxf3 e6 15. Bg5 (15. Bf4 15...
Qe7 $16) 15... Nd5 $14 16. Rad1 h6 17. Bc1 Rad8 18. Bf1 Qd7 19. Kg2 Ne7 20. Rd3
Qd5 21. a3 Qxf3+ 22. Kxf3 Rd7 23. Red1 Rfd8 24. h4 1/2-1/2

[Event "Bad Woerishofen op"]
[Site "Bad Woerishofen"]
[Date "2001.??.??"]
[Round "7"]
[White "Haecker, Roland"]
[Black "Lamberger, Werner"]
[Result "1-0"]
[WhiteElo "1723"]
[BlackElo "1912"]
[Annotator "ChessOrg"]
[PlyCount "59"]
[EventDate "1998.03.05"]
[Source "ChessBase"]
[SourceDate "1998.04.29"]

1. d4 {A49: Koenigsindisch (ohne c2-c4)} 1... Nf6 2. g3 g6 3. Bg2 Bg7 4. Nf3
O-O 5. O-O d6 6. Re1 Nbd7 7. e4 e5 8. dxe5 dxe5 9. c3 {letzter Buchzug} 9...
Qe7 10. Qc2 a5 11. b3 Rd8 12. Ba3 Nc5 13. Nbd2 b5 14. Rad1 Bb7 15. Bxc5 (15.
Qb2 15... Ra6 $11) 15... Qxc5 16. h3 Rd6 17. Nh4 (17. a3 $5 $15) 17... Rad8 $17
18. Bf3 Bf8 19. Ng2 Rd3 (19... Qc6 20. Nb1 $17) 20. c4 (20. Re3 20... R3d7 $17)
20... Qd4 21. Nf1 Bc5 (21... Bb4 $5 22. Rxd3 Qxd3 23. Qxd3 23... Rxd3 $17) 22.
Nge3 22... Nxe4 $4 (22... bxc4 $142 23. bxc4 Bxe4 (23... Nxe4 $2 24. Rxd3 Qxd3
25. Rd1 Qxc2 26. Rxd8+ (26. Nxc2 $4 26... Rxd1 27. Bxd1 27... Nxf2 $19) 26...
Kg7 27. Nxc2 $18) 24. Bxe4 24... Qxe4 $17 (24... Nxe4 $2 25. Rxd3 Qxd3 26. Rd1
Nxf2 27. Rxd3 (27. Qxf2 $143 27... Qxd1 28. Nxd1 Bxf2+ 29. Nxf2 29... f5 $17)
27... Nxd3 28. Qa4 $18)) 23. Rxd3 $18 23... Qxd3 24. Rd1 Ng5 (24... Qxd1 25.
Nxd1 Nxf2 26. Nxf2 26... Bxf3 $18) 25. Bxb7 (25. Rxd3 Nxf3+ 26. Kh1 Ne1+ 27.
Kh2 27... Rxd3 $17 (27... Nxd3 $143 28. cxb5 f5 29. Qc3 $16)) (25. Qxd3 $143
25... Nxf3+ 26. Kh1 Rxd3 27. Rxd3 Ne1+ 28. Rd5 28... Nd3 $17) 25... e4 (25...
Nxh3+ 26. Kh2 Nxf2 27. Rxd3 (27. Qxf2 $6 27... Qxd1 28. Nxd1 Bxf2 29. Nxf2
29... bxc4 $16) 27... Nxd3 28. cxb5 $18) 26. Rxd3 Nf3+ (26... exd3 27. Qc3 bxc4
28. Nxc4 Nxh3+ 29. Kg2 Nxf2 30. Nce3 Bxe3 31. Nxe3 $18) 27. Kh1 exd3 28. Qd1 (
28. Qc3 Ng5 29. cxb5 29... Bb6 $18) 28... Ne5 (28... Ng5 29. cxb5 Rd4 30. Qc1
$18) 29. f4 bxc4 30. bxc4 (30. bxc4 Nd7 31. Qxd3 $18) (30. fxe5 30... c3 $18)
1-0

[Event "Bad Woerishofen op"]
[Site "Bad Woerishofen"]
[Date "2001.??.??"]
[Round "9"]
[White "Haecker, Roland"]
[Black "Grosser, Walter"]
[Result "0-1"]
[WhiteElo "1723"]
[BlackElo "2098"]
[Annotator "ChessOrg"]
[PlyCount "102"]
[EventDate "1998.03.05"]
[Source "ChessBase"]
[SourceDate "1998.04.29"]

1. d4 {A49: Koenigsindisch (ohne c2-c4)} 1... Nf6 2. g3 g6 3. Bg2 Bg7 4. Nf3
O-O 5. O-O d6 6. Re1 c6 7. c3 {letzter Buchzug} 7... Re8 8. e4 Qb6 9. Nbd2 Nbd7
10. Qb3 e5 11. Qxb6 Nxb6 12. dxe5 dxe5 13. b3 Bd7 14. Ba3 Bf8 15. Bb2 Rad8 16.
Rad1 Bg4 17. h3 Bxf3 18. Bxf3 Nfd7 19. Kf1 Nc5 20. Be2 Bh6 21. Nf3 Nxe4 22.
Rxd8 Rxd8 23. Nxe5 Bg7 24. Bf3 Nd2+ 25. Kg2 Nxf3 26. Nxf3 Nd5 27. Rc1 Re8 28.
Rc2 f5 29. a3 c5 30. c4 Bxb2 31. Rxb2 Nc3 32. Rd2 Re7 33. Nh4 Kf7 34. Kf1 b6
35. Ng2 Nb1 36. Ra2 Rd7 37. Ne3 (37. Ke1 $5 $15) 37... Nd2+ $17 38. Ke1 Nxb3
39. Nd5 Na5 40. Rc2 (40. Ne3 Rd4 41. Rc2 41... h6 $19) 40... Nxc4 $1 41. Rxc4
Rxd5 42. Ke2 b5 43. Rc3 Kf6 44. Rb3 c4 45. Rc3 Ke6 46. a4 a6 (46... bxa4 $6 47.
Rxc4 Ra5 48. Rc2 $19) 47. f4 Rd3 48. Rc1 (48. Rxd3 cxd3+ 49. Kxd3 Kd5 50. axb5
50... axb5 $19) 48... Kd5 (48... Rxg3 $5 49. Re1 Rxh3 50. Rb1 $19) 49. axb5
axb5 50. Kf2 (50. Rb1 Rb3 51. Rg1 51... Ke4 $19) 50... c3 51. g4 b4 (51... b4
52. gxf5 52... b3 $19) 0-1

[Event "Bad Woerishofen op"]
[Site "Bad Woerishofen"]
[Date "2001.??.??"]
[Round "2"]
[White "Haering, Walter-Georg"]
[Black "Wawor, Gerhard"]
[Result "0-1"]
[WhiteElo "1500"]
[BlackElo "1887"]
[Annotator "ChessOrg"]
[PlyCount "56"]
[EventDate "1998.03.05"]
[Source "ChessBase"]
[SourceDate "1998.04.29"]

1. e4 {C01: Franzoesische Verteidigung (Abtauschvariante)} 1... e6 2. Nf3 d5 3.
exd5 exd5 4. d4 Bd6 5. Bd3 Nc6 6. O-O Nge7 7. Re1 Bg4 8. h3 {letzter Buchzug}
8... Bxf3 9. Qxf3 Nxd4 10. Qg4 Ne6 11. Bg5 (11. c4 Bb4 12. Bd2 Bxd2 13. Nxd2
13... O-O $15) 11... Nxg5 $17 12. Qxg5 O-O 13. Nd2 c6 14. Re2 Qd7 (14... Ng6
15. Qf5 $17) 15. Rae1 $11 15... Rae8 16. Nf3 f6 17. Qh4 Ng6 18. Qh5 Rxe2 19.
Rxe2 (19. Bxe2 $2 19... Nf4 20. Qh4 20... g5 $19) 19... Re8 20. Bf5 Qf7 21. Nd4
Rxe2 22. Qxe2 Nf8 23. g3 g6 24. Ne6 $4 (24. Bg4 $17 $142) 24... gxf5 $19 25.
Nxf8 Kxf8 26. Qe3 f4 27. Qxa7 fxg3 28. fxg3 Qe7 (28... Qe7 29. Kf1 29... Bxg3
$19) 0-1

[Event "Bad Woerishofen op"]
[Site "Bad Woerishofen"]
[Date "2001.??.??"]
[Round "5"]
[White "Haering, Walter-Georg"]
[Black "Schenfeld, Waldemar"]
[Result "0-1"]
[WhiteElo "1500"]
[BlackElo "1431"]
[Annotator "ChessOrg"]
[PlyCount "78"]
[EventDate "1998.03.05"]
[Source "ChessBase"]
[SourceDate "1998.04.29"]

1. Nf3 {A07: Barcza-System (Koenigsfianchetto mit moeglichen Uebergaengen in
andere Systeme)} 1... d5 2. g3 Nf6 3. Bg2 Bf5 4. O-O Nbd7 5. d3 5... e5 {
letzter Buchzug} 6. Bg5 Bd6 7. Nc3 c6 8. Re1 (8. e4 8... Be6 $14) 8... Qc7 9.
e4 Be6 10. exd5 cxd5 (10... Nxd5 $5 11. Bd2 11... h6 $11) 11. Nb5 $14 11... Qc6
12. Nxd6+ Qxd6 13. Bxf6 gxf6 14. Nh4 h5 (14... Rc8 15. c3 $11) 15. Qf3 Ke7 16.
Re2 Rag8 17. Rae1 Rg5 18. b3 (18. d4 Bg4 19. Qe3 Bxe2 20. Qxg5 fxg5 21. Nf5+
Ke6 22. Nxd6 Kxd6 (22... exd4 23. Nxb7 (23. Rxe2+ $6 23... Kxd6 24. Rd2 24...
Re8 $14) 23... Ne5 24. Rxe2 $18) 23. dxe5+ Nxe5 24. Rxe2 24... Rc8 $14) 18...
Nb6 (18... Rc8 19. d4 $11) 19. h3 (19. d4 Bg4 (19... exd4 $2 20. Nf5+ Rxf5 21.
Qxf5 $18) 20. Qf4 Bxe2 21. Qxg5 fxg5 22. Nf5+ Kd7 23. Nxd6 Kxd6 (23... exd4
$143 24. Nxf7 Re8 25. Nxg5 $16) 24. dxe5+ Kxe5 25. Rxe2+ 25... Kd6 $14) 19...
Qd7 (19... Qc5 20. c4 $11) 20. a4 (20. Kh2 $5 $14 $142) 20... Bxh3 $17 21. Qf4
(21. Bxh3 $142 21... Qxh3 22. a5 Qxh4 23. axb6 $17) 21... Qg4 $4 (21... Bxg2
22. Nxg2 Rhg8 23. Qb4+ Qd6 24. Qxd6+ Kxd6 25. c3 $17) 22. Qxg4 (22. Rxe5+ fxe5
23. Rxe5+ Rxe5 24. Qxe5+ Qe6 25. Qxh8 Qe1+ 26. Kh2 $16) 22... Bxg4 (22... hxg4
23. Bxh3 gxh3 24. Kh2 $15) 23. Re3 (23. Rd2 23... Kd6 $15) 23... Be6 (23... d4
24. Re4 Be6 25. f4 Rxg3 26. fxe5 fxe5 27. Rxe5 $17) 24. Nf3 Rg7 25. Nh4 Nd7 26.
c4 (26. d4 $5 $15 $142) 26... d4 $17 27. R3e2 Nc5 28. Bd5 (28. Be4 $5 $17)
28... Nxd3 $19 29. Rd1 Nf4 30. Bxe6 $4 (30. Ree1 $19 $142) 30... Nxe2+ (30...
fxe6 $6 31. Re4 $19) (30... Kxe6 $6 31. Ree1 Rd8 32. Kf1 $19) (30... Nxe6 $6
31. Nf5+ Kf8 32. Nxg7 Kxg7 33. b4 $15) 31. Kf1 Nc3 32. Nf5+ Kxe6 (32... Kf8
$142 33. Rd3 fxe6 34. Nxg7 34... Kxg7 $19) 33. Nxg7+ Kd7 34. Rd3 h4 35. gxh4
Rxh4 36. Nf5 Rf4 (36... Rh1+ 37. Kg2 Rb1 38. Ng3 $19) 37. Ne3 Ne4 38. Ke1 $2 (
38. Nd1 Nc5 39. Rh3 39... a5 $19) 38... Rxf2 (38... Rf3 $5 $142 39. b4 $19) 39.
Nd5 Rb2 (39... Rb2 40. Rf3 40... f5 $19) 0-1

[Event "Bad Woerishofen op"]
[Site "Bad Woerishofen"]
[Date "2001.??.??"]
[Round "6"]
[White "Haering, Walter-Georg"]
[Black "Zillich, Rainer"]
[Result "0-1"]
[WhiteElo "1500"]
[BlackElo "1476"]
[Annotator "ChessOrg"]
[PlyCount "88"]
[EventDate "1998.03.05"]
[Source "ChessBase"]
[SourceDate "1998.04.29"]

1. e4 {B40: Sizilianisch (Klassisches System mit e7-e6))} 1... c5 2. Nf3 e6 3.
d3 d6 4. g3 b6 5. Bg2 Bb7 6. O-O 6... Be7 {letzter Buchzug} 7. Re1 Nd7 8. Nbd2
Qc7 9. Nc4 b5 10. Ne3 Ngf6 11. b3 O-O 12. Bb2 Rad8 13. Qd2 Rfe8 14. a3 Bf8 15.
Bc3 Rc8 16. Ba5 Qb8 17. c4 a6 18. Bc3 (18. Rad1 18... d5 $11) 18... d5 $15 19.
cxd5 exd5 20. exd5 Nxd5 21. Nxd5 Bxd5 22. b4 Qd6 23. d4 c4 24. Qc2 Qg6 (24...
Nf6 25. Re5 $17) 25. Qd2 Qc6 26. Qf4 Qf6 27. Qxf6 (27. Qg4 27... Nb6 $15) 27...
Nxf6 $17 (27... gxf6 $6 28. Rxe8 Rxe8 29. Re1 Rxe1+ 30. Nxe1 $11) 28. a4 $2 (
28. Rac1 $5 $17 $142) 28... Ne4 $19 29. Re3 Nxc3 30. Rxc3 Bxb4 31. Rcc1 Bf8 32.
axb5 axb5 33. Ra5 Bxf3 34. Bxf3 b4 35. Bd5 c3 36. Rb5 Red8 37. Bb3 Rxd4 38. Rb7
Rd2 (38... h6 39. Bxf7+ Kh7 40. Be6 $19) 39. Bxf7+ (39. Rxf7 39... Kh8 $19)
39... Kh8 40. Bb3 Rb2 41. Be6 (41. Bc2 41... g6 $19) 41... Rd8 (41... Re8 42.
Rf7 $19) 42. Rf7 (42. Kg2 42... Bc5 $19) 42... g6 43. Bc4 (43. Kg2 $19) 43...
c2 44. Be2 (44. Kg2 Bh6 45. Re1 $19) 44... Rb1 (44... Rb1 45. Kg2 45... Rxc1
$19) 0-1

[Event "Bad Woerishofen op"]
[Site "?"]
[Date "2001.??.??"]
[Round "2"]
[White "Hahn, Guenter"]
[Black "Ring, Gregor"]
[Result "1-0"]
[WhiteElo "2172"]
[BlackElo "1750"]
[Annotator "ChessOrg"]
[PlyCount "139"]
[EventDate "2000.??.??"]

1. Nf3 {D79: Gruenfeld-Verteidigung (3.g3)} 1... Nf6 2. g3 g6 3. Bg2 Bg7 4. O-O
O-O 5. d4 d5 6. c4 c6 7. cxd5 cxd5 8. Nc3 Nc6 9. Ne5 e6 10. Nxc6 bxc6 11. b3
11... c5 {letzter Buchzug} 12. dxc5 Qa5 13. Na4 Ne4 14. Bxe4 dxe4 15. Bd2 Qc7
16. Rc1 Rd8 17. Qc2 Qc6 18. Be3 Ba6 19. Rfe1 h5 (19... f5 20. Red1 $16) 20. h4
Be5 21. Nc3 f5 22. b4 Qc7 (22... Rab8 23. a3 $16) 23. Bg5 (23. b5 $5 $142 23...
Bxc3 24. Qxc3 Bxb5 25. Qf6 $16) 23... Bxg3 $14 24. Nxe4 (24. fxg3 $6 24...
Qxg3+ 25. Kh1 Qh3+ 26. Kg1 Qg3+ 27. Kh1 Qh3+ 28. Kg1 28... Qg3+ $11) (24. Bxd8
$4 24... Bxf2+ 25. Kh1 25... Qxd8 $19 (25... Rxd8 26. Rg1 e3 27. Rxg6+ Kf7 28.
Rg2 $19)) 24... Bh2+ (24... fxe4 25. Bxd8 Bxf2+ 26. Kxf2 Qf4+ 27. Kg2 Qg4+ 28.
Kh2 Rxd8 29. e3 Qxh4+ 30. Kg1 $11) 25. Kh1 Rd4 26. Nf6+ Kf7 27. e3 Rc4 28. Qb2
$4 (28. Qa4 $142 28... Bb7+ 29. e4 $11) 28... Be5 $19 29. Qb3 Qc6+ 30. e4 Rxc1
31. Rxc1 Bxf6 32. Bxf6 Kxf6 33. Kg1 Rd8 34. e5+ (34. Qe3 34... Kf7 $19) 34...
Kf7 (34... Kxe5 $2 35. Qc3+ Rd4 36. Re1+ Qe4 37. Rxe4+ Kxe4 38. c6 $18) 35. Qg3
(35. Qe3 Bb7 36. f3 Qxf3 37. Qxf3 37... Bxf3 $19) 35... Bb7 36. Kh2 Qf3 (36...
Rd4 37. f3 Qxf3 38. Qxf3 38... Bxf3 $19) 37. Qxf3 $17 37... Bxf3 38. a4 (38. c6
38... f4 $17) 38... Rd4 $19 39. Kg3 (39. c6 Rxb4 40. Kg3 Bxc6 41. Rxc6 Rg4+ 42.
Kh3 42... a5 $19) 39... Bd5 (39... Bc6 $5 40. b5 Rg4+ 41. Kh3 Bg2+ 42. Kh2 $19)
40. c6 Rxb4 41. c7 Bb7 42. c8=Q Bxc8 43. Rc7+ Ke8 44. Rxc8+ Kd7 45. Rg8 Rxa4
46. f3 Ra1 (46... f4+ 47. Kf2 $19) 47. Kf4 $17 47... a5 (47... Kc6 $5 $17 $142)
48. Rxg6 $15 48... Rh1 49. Rg7+ (49. Kg5 $5 $15) 49... Kc6 $17 50. Ra7 Rxh4+
51. Kg5 Ra4 52. Kf6 Kb6 (52... Ra3 53. Kxe6 Rxf3 54. Kf7 $17) 53. Rh7 (53. Re7
Kb5 54. Rxe6 54... h4 $16) 53... h4 (53... Rf4 $5 $17 $142) 54. Kxe6 $11 54...
Rf4 55. Kf7 Rxf3 56. e6 Re3 57. e7 Kb5 58. Rh6 Rxe7+ 59. Kxe7 Kb4 60. Rxh4+ Kb3
61. Kd6 (61. Rh3+ Kb2 62. Rh8 a4 63. Rb8+ 63... Kc3 $18) 61... a4 62. Kc5 a3
63. Rh3+ Ka4 64. Kc4 a2 65. Rh1 f4 66. Kc3 Ka3 67. Rf1 f3 68. Rh1 f2 69. Rf1
Ka4 70. Kb2 (70. Kb2 Kb4 71. Kxa2 $18) 1-0

[Event "Bad Woerishofen op"]
[Site "Bad Woerishofen"]
[Date "2001.??.??"]
[Round "4"]
[White "Hahn, Guenter"]
[Black "Maniocha, Marek"]
[Result "1-0"]
[WhiteElo "2172"]
[BlackElo "2073"]
[Annotator "ChessOrg"]
[PlyCount "49"]
[EventDate "1998.03.05"]
[Source "ChessBase"]
[SourceDate "1998.04.29"]

1. Nf3 {A49: Koenigsindisch (ohne c2-c4)} 1... Nf6 2. g3 g6 3. Bg2 Bg7 4. d4 d6
5. O-O O-O 6. b3 c6 7. Bb2 7... d5 {letzter Buchzug} 8. c4 e6 9. Nc3 Nbd7 10.
Qc2 Re8 11. Rfd1 b6 12. e4 dxe4 13. Nxe4 Nxe4 (13... Qc7 14. Nxf6+ Nxf6 15. a3
$11) 14. Qxe4 Bb7 15. Ne5 Nxe5 (15... Qc7 16. b4 $11 (16. Nxc6 $2 16... Nb8 $19
)) 16. dxe5 $16 16... Qc7 17. Rd6 Rab8 (17... Bf8 18. Rd3 $14) 18. Rad1 $16
18... c5 19. Qd3 (19. Qf4 19... Re7 $16) 19... Bxg2 20. Kxg2 Rb7 21. Rd8 Rxd8
22. Qxd8+ Qxd8 (22... Bf8 23. Qxc7 Rxc7 24. g4 $14) 23. Rxd8+ $16 23... Bf8 24.
Bc1 24... h6 $4 (24... Kg7 $14 $142) 25. Bxh6 $18 (25. Bxh6 Kh7 26. Bxf8 $18 (
26. Rxf8 $6 26... Kxh6 27. Rd8 27... g5 $18)) 1-0

[Event "Bad Woerishofen op"]
[Site "Bad Woerishofen"]
[Date "2001.??.??"]
[Round "6"]
[White "Hahn, Guenter"]
[Black "Pircher, Karl"]
[Result "1/2-1/2"]
[WhiteElo "2172"]
[BlackElo "2041"]
[Annotator "ChessOrg"]
[PlyCount "26"]
[EventDate "1998.03.05"]
[Source "ChessBase"]
[SourceDate "1998.04.29"]

1. Nf3 {E05: Katalanisch} 1... d5 2. g3 Nf6 3. Bg2 e6 4. O-O Be7 5. d4 O-O 6.
c4 dxc4 7. Ne5 c5 8. dxc5 Qc7 9. Nxc4 9... Bxc5 {letzter Buchzug.} 10. Nba3 Nc6
11. Bf4 e5 12. Nb5 Qe7 13. Bg5 Be6 1/2-1/2

[Event "Bad Woerishofen op"]
[Site "Bad Woerishofen"]
[Date "2001.??.??"]
[Round "8"]
[White "Hahn, Guenter"]
[Black "Noras, Peter"]
[Result "1/2-1/2"]
[WhiteElo "2172"]
[BlackElo "1632"]
[Annotator "ChessOrg"]
[PlyCount "106"]
[EventDate "1998.03.05"]
[Source "ChessBase"]
[SourceDate "1998.04.29"]

1. Nf3 {A07: Barcza-System (Koenigsfianchetto mit moeglichen Uebergaengen in
andere Systeme)} 1... d5 2. g3 Nf6 3. Bg2 Bf5 4. O-O e6 5. d3 Be7 6. Nh4 {
letzter Buchzug} 6... Bg6 7. Nxg6 hxg6 8. c4 c6 9. cxd5 cxd5 10. e4 Qd7 (10...
Nc6 11. Qa4 $15) 11. Nc3 (11. e5 11... Ng8 $11) 11... dxe4 12. dxe4 Qxd1 13.
Rxd1 Nc6 14. Bf4 Rd8 15. Rxd8+ Kxd8 16. Rd1+ Kc8 17. e5 (17. Rc1 17... Rd8 $14)
17... Ng4 18. Bxc6 bxc6 19. Ne4 (19. h4 19... a5 $14) 19... Nh6 (19... Rh5 20.
Nd6+ Bxd6 21. exd6 $11) 20. Be3 a6 21. Bb6 Nf5 (21... Ng4 22. Nd6+ Bxd6 23.
exd6 $11) 22. g4 Nh4 23. f4 g5 24. Nd6+ Bxd6 25. exd6 (25. Rxd6 $143 25... gxf4
26. Bd4 26... Kc7 $15) 25... Kd7 26. fxg5 Nf3+ 27. Kg2 Nxg5 28. Bc5 Ne4 29. b4
Rh4 30. h3 Rh8 31. Rd3 Rb8 32. Ra3 (32. Kf3 32... f5 $11) 32... Ra8 (32... Rb5
$5 $15 $142) 33. Kf3 $14 33... Nd2+ 34. Kf4 f6 35. h4 Nc4 36. Rc3 Ne5 (36...
Nxd6 $4 37. Rd3 e5+ 38. Ke3 $18) 37. h5 a5 38. a3 axb4 39. Bxb4 Ra4 40. Kg3 Nf7
41. Rb3 (41. Kf2 41... Ra6 $11) 41... Ra8 (41... Ng5 42. Kg2 Ne4 43. Re3 $15)
42. Bc5 $11 42... Nd8 (42... Nxd6 $2 43. Rd3 Ra5 44. Bxd6 $18) 43. Kh4 (43. Kf3
43... e5 $15) 43... Ra5 (43... e5 $5 $17 $142) 44. Bb6 $11 44... Rb5 $4 (44...
Ra8 $5 $11 $142) 45. Rxb5 $16 45... cxb5 46. Bxd8 Kxd8 47. g5 fxg5+ 48. Kxg5
Kd7 49. Kg6 e5 50. Kxg7 e4 51. h6 e3 52. h7 e2 53. h8=Q e1=Q 1/2-1/2